Општине Републике Србије - Statistics

General Stats
  • This quiz has been taken 4 393 times
  • The average score is 70 of 196
Answer Stats
Округ Општина % Correct
Град Београд Нови Београд
77%
Нишавски Ниш
75%
Град Београд Земун
73%
Јужнобачки Нови Сад
73%
Шумадијски Крагујевац
72%
Борски Бор
70%
Рашки Краљево
68%
Севернобачки Суботица
68%
Град Београд Врачар
66%
Мачвански Шабац
66%
Пиротски Пирот
66%
Колубарски Ваљево
65%
Зајечарски Зајечар
65%
Град Београд Обреновац
64%
Златиборски Ужице
64%
Расински Крушевац
64%
Јабланички Лесковац
64%
Град Београд Звездара
63%
Град Београд Младеновац
63%
Град Београд | Нишавски Палилула
63%
Град Београд Вождовац
62%
Моравички Чачак
62%
Пчињски Врање
62%
Подунавски Смедерево
61%
Град Београд Лазаревац
60%
Рашки Нови Пазар
59%
Пећки Пећ
59%
Сремски Сремска Митровица
59%
Западнобачки Сомбор
59%
Град Београд Стари град
58%
Поморавски Јагодина
58%
Средњобанатски Зрењанин
58%
Косовски Приштина
57%
Јужнобанатски Панчево
57%
Мачвански Лозница
56%
Јужнобачки Бач
56%
Призренски Призрен
55%
Косовскомитровачки Косовска Митровица
55%
Браничевски Пожаревац
54%
Град Београд Сурчин
53%
Град Београд Чукарица
51%
Рашки Рашка
51%
Севернобанатски Кикинда
51%
Јужнобанатски Вршац
51%
Борски Неготин
50%
Нишавски Алексинац
50%
Колубарски Уб
49%
Град Београд Раковица
48%
Град Београд Савски Венац
48%
Шумадијски Аранђеловац
48%
Златиборски Бајина Башта
48%
Шумадијски Топола
47%
Моравички Горњи Милановац
47%
Сремски Рума
47%
Сремски Шид
47%
Поморавски Параћин
46%
Град Београд Барајево
45%
Град Београд Гроцка
45%
Град Београд Сопот
45%
Подунавски Смедеревска Паланка
45%
Златиборски Пријепоље
44%
Рашки Врњачка Бања
44%
Рашки Тутин
44%
Сремски Инђија
44%
Поморавски Ћуприја
43%
Златиборски Сјеница
43%
Јужнобачки Бачка Паланка
42%
Борски Кладово
41%
Златиборски Пожега
41%
Топлички Прокупље
41%
Сремски Стара Пазова
41%
Борски Мајданпек
40%
Расински Александровац
40%
Севернобачки Бачка Топола
40%
Колубарски Љиг
39%
Златиборски Прибој
39%
Моравички Ивањица
39%
Расински Трстеник
39%
Топлички Куршумлија
39%
Мачвански Богатић
38%
Подунавски Велика Плана
38%
Јужнобачки Врбас
38%
Златиборски Чајетина
37%
Западнобачки Апатин
37%
Златиборски Нова Варош
36%
Пчињски Бујановац
36%
Косовскопоморавски Гњилане
36%
Браничевски Петровац на Млави
35%
Зајечарски Књажевац
35%
Пиротски Димитровград
35%
Пчињски Сурдулица
35%
Севернобанатски Сента
35%
Поморавски Свилајнац
34%
Златиборски Ариље
34%
Јужнобачки Бечеј
34%
Поморавски Деспотовац
33%
Косовски Урошевац
33%
Јужнобанатски Ковин
33%
Јужнобачки Сремски Карловци
33%
Зајечарски Сокобања
32%
Јабланички Власотинце
32%
Јабланички Лебане
31%
Пчињски Прешево
31%
Мачвански Коцељева
30%
Севернобанатски Кањижа
30%
Западнобачки Кула
30%
Мачвански Љубовија
29%
Колубарски Лајковац
29%
Колубарски Мионица
29%
Моравички Лучани
29%
Златиборски Косјерић
28%
Јужнобачки Темерин
28%
Браничевски Голубац
27%
Јабланички Медвеђа
27%
Пчињски Владичин Хан
27%
Сремски Ириг
27%
Браничевски Велико Градиште
26%
Шумадијски Кнић
26%
Расински Брус
26%
Нишавски Нишка Бања
26%
Пећки Ђаковица
26%
Севернобанатски Ада
26%
Јужнобанатски Бела Црква
26%
Мачвански Мали Зворник
25%
Шумадијски Баточина
25%
Пиротски Бела Паланка
24%
Косовскомитровачки Лепосавић
24%
Јужнобанатски Алибунар
24%
Јужнобачки Тител
24%
Колубарски Осечина
23%
Пчињски Босилеград
23%
Шумадијски Рача
22%
Средњобанатски Нови Бечеј
22%
Јужнобачки Бачки Петровац
22%
Мачвански Владимирци
21%
Мачвански Крупањ
21%
Браничевски Жагубица
21%
Шумадијски Лапово
21%
Нишавски Сврљиг
21%
Топлички Блаце
21%
Јабланички Црна Трава
21%
Јужнобачки Беочин
21%
Јужнобачки Петроварадин
21%
Јужнобачки Србобран
21%
Расински Ћићевац
20%
Нишавски Гаџин Хан
20%
Нишавски Црвени Крст
20%
Јужнобанатски Опово
20%
Западнобачки Оџаци
20%
Зајечарски Бољевац
19%
Нишавски Медијана
19%
Топлички Житорађа
19%
Пиротски Бабушница
19%
Косовскомитровачки Звечан
19%
Косовскомитровачки Зубин Поток
19%
Расински Варварин
18%
Јужнобачки Жабаљ
18%
Браничевски Жабари
17%
Браничевски Кучево
17%
Поморавски Рековац
17%
Нишавски Дољевац
17%
Јабланички Бојник
17%
Пчињски Трговиште
17%
Косовски Косово Поље
17%
Призренски Ораховац
17%
Косовскопоморавски Косовска Каменица
17%
Сремски Пећинци
17%
Севернобачки Мали Иђош
17%
Нишавски Мерошина
16%
Нишавски Пантелеј
16%
Нишавски Ражањ
16%
Косовски Обилић
16%
Косовски Подујево
16%
Пећки Исток
16%
Средњобанатски Житиште
16%
Пећки Дечани
15%
Севернобанатски Нови Кнежевац
15%
Севернобанатски Чока
15%
Јужнобанатски Ковачица
15%
Јужнобанатски Пландиште
15%
Браничевски Мало Црниће
14%
Косовскомитровачки Вучитрн
14%
Средњобанатски Сечањ
13%
Косовски Штрпце
12%
Пећки Клина
12%
Призренски Гора
12%
Средњобанатски Нова Црња
12%
Косовски Липљан
11%
Косовскомитровачки Србица
11%
Косовски Качаник
10%
Призренски Сува Река
10%
Косовски Глоговац
9%
Косовски Штимље
9%
Косовскопоморавски Витина
9%
Косовскопоморавски Ново Брдо
9%
No matching quizzes found
Score Distribution
Percent of People with Each Score
Percentile by Number Answered
Your Score History
You have not taken this quiz